[Event "XXXII Torneo B di Capodanno"]
[Site "Reggio nell'Emilia ITA"]
[Date "1989.12.30"]
[Round "1"]
[White "Bukal, Vladimir sr"]
[Black "Paoli, Enrico"]
[WhiteElo "2400"]
[BlackElo "2205"]
[Result "1/2-1/2"]
[PlyCount "35"]
[EventDate "1989.12.30"]

1. c4 Nf6 2. Nc3 c6 3. d4 d5 4. cxd5 cxd5 5. Nf3 Nc6 6. Bf4 Bf5 7. e3 e6 8. Bb5
Nd7 9. O-O Be7 10. Bd3 Bxd3 11. Qxd3 O-O 12. Rfc1 a6 13. Qd2 Qa5 14. a3 Rfc8
15. b4 Qd8 16. Na4 b5 17. Nc5 Nxc5 18. dxc5 1/2-1/2

[Event "XXXII Torneo B di Capodanno"]
[Site "Reggio nell'Emilia ITA"]
[Date "1989.12.30"]
[Round "1"]
[White "Manca, Federico"]
[Black "Wagman, Stuart"]
[WhiteElo "2360"]
[BlackElo "2295"]
[Result "1/2-1/2"]
[PlyCount "73"]
[EventDate "1989.12.30"]

1. e4 e5 2. Nf3 Nc6 3. Bb5 a6 4. Ba4 Nf6 5. d3 d6 6. c3 Bd7 7. Nbd2 g6 8. d4
Bg7 9. O-O O-O 10. dxe5 dxe5 11. Re1 Re8 12. Nf1 b5 13. Bb3 Na5 14. Bc2 c5 15.
Bg5 Qc7 16. a4 Be6 17. Ne3 Nc4 18. Nxc4 Bxc4 19. Nd2 Be6 20. Qf3 Nd7 21. Nf1 c4
22. Ne3 f6 23. Bh4 Nc5 24. axb5 axb5 25. Rxa8 Rxa8 26. Nf5 Rf8 27. Nxg7 Kxg7
28. Rd1 g5 29. Bg3 Rd8 30. h4 Rxd1+ 31. Qxd1 h6 32. f3 Qd7 33. Qe2 Nb3 34. Bf2
Qd2 35. Qxd2 Nxd2 36. Be3 Nb3 37. g3 1/2-1/2

[Event "XXXII Torneo B di Capodanno"]
[Site "Reggio nell'Emilia ITA"]
[Date "1989.12.30"]
[Round "1"]
[White "Pastircak, Milan"]
[Black "Anceschi, Vittorio"]
[WhiteElo "2375"]
[BlackElo "2280"]
[Result "1/2-1/2"]
[PlyCount "90"]
[EventDate "1989.12.30"]

1. e4 e6 2. d4 d5 3. Nd2 Nf6 4. e5 Ne4 5. Bd3 Nxd2 6. Bxd2 c5 7. dxc5 Nd7 8.
Nf3 Nxc5 9. Be2 Bd7 10. O-O Be7 11. Be3 Qc7 12. Rc1 b5 13. Re1 O-O 14. c3 a6
15. Bf1 Rac8 16. Bg5 Qd8 17. Bxe7 Qxe7 18. Re3 f5 19. exf6 Qxf6 20. Qe1 Rce8
21. Ne5 Bc8 22. Bd3 Nxd3 23. Rxd3 Qe7 24. Qd2 Rf5 25. Re1 Ref8 26. Rf3 Qc7 27.
Rxf5 Rxf5 28. Qd4 h6 29. h3 Kh7 30. Nd3 Kg8 31. b3 Kf7 32. Re5 Rxe5 33. Nxe5+
Kg8 34. h4 Bd7 35. h5 Be8 36. g4 Qe7 37. Kg2 Kh7 38. Qd3+ Kg8 39. Qe3 Kh7 40.
Qd3+ Kg8 41. f4 Qa3 42. Qe2 Qc1 43. Nd3 Qxc3 44. Qxe6+ Bf7 45. Qf5 Qd2+ 1/2-1/2

[Event "XXXII Torneo B di Capodanno"]
[Site "Reggio nell'Emilia ITA"]
[Date "1989.12.30"]
[Round "1"]
[White "Rossi, Carlo"]
[Black "Sansonetti, Giorgio"]
[WhiteElo "2330"]
[BlackElo "2260"]
[Result "1/2-1/2"]
[PlyCount "40"]
[EventDate "1989.12.30"]

1. Nc3 d5 2. e4 d4 3. Nce2 c5 4. Ng3 Nc6 5. Nf3 a6 6. Bc4 e6 7. a3 Qc7 8. d3
Bd6 9. c3 Nge7 10. cxd4 cxd4 11. Bd2 O-O 12. Rc1 b5 13. Ba2 Qb6 14. Nh5 b4 15.
O-O Rb8 16. Bh6 gxh6 17. Qd2 Ne5 18. Nf6+ Kg7 19. Nh5+ Kg8 20. Nf6+ Kg7 1/2-1/2

[Event "XXXII Torneo B di Capodanno"]
[Site "Reggio nell'Emilia ITA"]
[Date "1989.12.30"]
[Round "1"]
[White "Rossi, Giampiero"]
[Black "Beil, Zdenek"]
[WhiteElo "2205"]
[BlackElo "2365"]
[Result "0-1"]
[PlyCount "76"]
[EventDate "1989.12.30"]

1. d4 Nf6 2. c4 d6 3. Nc3 Nbd7 4. Nf3 e5 5. g3 g6 6. Bg2 Bg7 7. O-O O-O 8. Qc2
Re8 9. Rd1 Qe7 10. h3 c6 11. dxe5 dxe5 12. Be3 Nb6 13. b3 Bf5 14. Qd2 Rad8 15.
Qe1 h6 16. Rxd8 Rxd8 17. Rd1 Ne8 18. Rxd8 Qxd8 19. Qd2 Qxd2 20. Nxd2 Bf8 21. g4
Be6 22. Nde4 f5 23. gxf5 gxf5 24. Nc5 Bc8 25. N5a4 Nxa4 26. Nxa4 a6 27. f4 e4
28. Bd4 b5 29. cxb5 cxb5 30. Nb6 Be6 31. e3 Bd6 32. Bf1 Nc7 33. Kf2 Kf7 34. Ke1
Ke7 35. Kd2 Bb4+ 36. Kc2 Kd6 37. a4 Kc6 38. axb5+ axb5 0-1

[Event "XXXII Torneo B di Capodanno"]
[Site "Reggio nell'Emilia ITA"]
[Date "1989.12.30"]
[Round "1"]
[White "Turci, Stefano"]
[Black "Horn, Pascal"]
[WhiteElo "2245"]
[BlackElo "2335"]
[Result "1/2-1/2"]
[PlyCount "27"]
[EventDate "1989.12.30"]

1. d4 Nf6 2. c4 b6 3. Nc3 Bb7 4. Bg5 e6 5. Nf3 Be7 6. e3 O-O 7. Bd3 d5 8. cxd5
Nxd5 9. Bxe7 Qxe7 10. Nxd5 Bxd5 11. O-O c5 12. dxc5 Qxc5 13. e4 Bb7 14. Rc1
1/2-1/2

[Event "XXXII Torneo B di Capodanno"]
[Site "Reggio nell'Emilia ITA"]
[Date "1989.12.31"]
[Round "2"]
[White "Horn, Pascal"]
[Black "Manca, Federico"]
[WhiteElo "2335"]
[BlackElo "2360"]
[Result "1/2-1/2"]
[PlyCount "100"]
[EventDate "1989.12.30"]

1. e4 d6 2. f4 c6 3. d3 e5 4. Be2 Nf6 5. c3 Nbd7 6. Nf3 Be7 7. Qc2 O-O 8. O-O
a5 9. d4 Re8 10. fxe5 dxe5 11. Bc4 Rf8 12. a4 Ne8 13. Be3 Nd6 14. Ba2 Bf6 15.
Nbd2 Re8 16. Rad1 Qe7 17. d5 c5 18. Nc4 b6 19. Nxd6 Qxd6 20. Bc4 Nf8 21. Nd2
Bg4 22. Rde1 Ng6 23. Bb5 Rf8 24. Nc4 Qd8 25. h3 Bc8 26. Rd1 Bg5 27. Qd2 h6 28.
Kh2 Ra7 29. g3 Bxe3 30. Qxe3 h5 31. d6 Be6 32. Rf5 h4 33. Rg5 hxg3+ 34. Qxg3
Qf6 35. Nxe5 Nxe5 36. Rf1 Qh6 37. Qxe5 Qxh3+ 38. Kg1 f6 39. Rxf6 Rxf6 40. Qxf6
Rf7 41. Qd8+ Rf8 42. Qe7 Qe3+ 43. Kh1 Qxe4+ 44. Rg2 Qe1+ 45. Kh2 Qe5+ 46. Kg1
Qe3+ 47. Kh2 Qh6+ 48. Kg1 Qe3+ 49. Kh2 Qh6+ 50. Kg1 Qe3+ 1/2-1/2

[Event "XXXII Torneo B di Capodanno"]
[Site "Reggio nell'Emilia ITA"]
[Date "1989.12.31"]
[Round "2"]
[White "Paoli, Enrico"]
[Black "Rossi, Giampiero"]
[WhiteElo "2205"]
[BlackElo "2205"]
[Result "1-0"]
[PlyCount "91"]
[EventDate "1989.12.30"]

1. e4 c5 2. Nf3 e6 3. d4 cxd4 4. Nxd4 a6 5. Nc3 Qc7 6. Be2 Nf6 7. a3 Nc6 8. Be3
Be7 9. O-O O-O 10. f4 d6 11. Qe1 Bd7 12. Qg3 Rfc8 13. Rad1 Ne8 14. Rd2 Bf6 15.
Rfd1 Nxd4 16. Bxd4 Bxd4+ 17. Rxd4 Bc6 18. Kh1 b5 19. Qh3 Rab8 20. Bg4 Rd8 21.
Qe3 e5 22. R4d2 b4 23. axb4 exf4 24. Qxf4 Rxb4 25. b3 Qe7 26. Bf3 f6 27. Be2 a5
28. Bc4+ Kh8 29. Rd4 Ra8 30. Qd2 Qe5 31. h3 g5 32. Rf1 Kg7 33. Rf5 Qe7 34. Bd5
Qb7 35. Na2 Rb5 36. Nc3 Rc5 37. e5 dxe5 38. Rxg5+ Kf8 39. Rg8+ Ke7 40. Bxc6
Qxc6 41. Qe3 Rc8 42. Nd5+ Kf7 43. Rg3 Rxc2 44. Qh6 Rf2 45. Qxh7+ Ke6 46. Qg8+
1-0

[Event "XXXII Torneo B di Capodanno"]
[Site "Reggio nell'Emilia ITA"]
[Date "1989.12.31"]
[Round "2"]
[White "Pastircak, Milan"]
[Black "Rossi, Carlo"]
[WhiteElo "2375"]
[BlackElo "2330"]
[Result "1/2-1/2"]
[PlyCount "50"]
[EventDate "1989.12.30"]

1. c4 g5 2. d4 Bg7 3. Nc3 g4 4. e4 d6 5. Be3 Nc6 6. Nge2 e5 7. Qd2 f5 8. dxe5
Nxe5 9. Ng3 fxe4 10. Nh5 Kf8 11. Nxe4 Qe8 12. Nxg7 Kxg7 13. Be2 Qg6 14. f4 Qxe4
15. fxe5 dxe5 16. O-O Bf5 17. Bc5 h6 18. Rae1 Re8 19. Bd1 Qc6 20. Qf2 Nf6 21.
Ba4 Qxa4 22. Qxf5 Qc6 23. Ba3 Qe6 24. Qf2 b6 25. b3 c5 1/2-1/2

[Event "XXXII Torneo B di Capodanno"]
[Site "Reggio nell'Emilia ITA"]
[Date "1989.12.31"]
[Round "2"]
[White "Sansonetti, Giorgio"]
[Black "Turci, Stefano"]
[WhiteElo "2260"]
[BlackElo "2245"]
[Result "1/2-1/2"]
[PlyCount "49"]
[EventDate "1989.12.30"]

1. d4 d5 2. Nc3 c6 3. Bg5 Qb6 4. Qd2 Bf5 5. O-O-O e6 6. f3 Nf6 7. e4 Bg6 8.
Bxf6 gxf6 9. exd5 cxd5 10. Re1 Bb4 11. h4 h5 12. Bd3 Bxd3 13. Qxd3 Bxc3 14.
Qxc3 Nc6 15. Ne2 O-O-O 16. Kb1 f5 17. Qb3 Qc7 18. Qe3 Kb8 19. Nf4 Na5 20. Qe5
Qxe5 21. dxe5 Nc6 22. Re2 Ne7 23. Nh3 Ng6 24. Ng5 Rd7 25. Kc1 1/2-1/2

[Event "XXXII Torneo B di Capodanno"]
[Site "Reggio nell'Emilia ITA"]
[Date "1989.12.31"]
[Round "2"]
[White "Wagman, Stuart"]
[Black "Bukal, Vladimir sr"]
[WhiteElo "2295"]
[BlackElo "2400"]
[Result "0-1"]
[PlyCount "82"]
[EventDate "1989.12.30"]

1. e4 e6 2. d4 d5 3. Nc3 Bb4 4. e5 c5 5. a3 Bxc3+ 6. bxc3 Ne7 7. Qg4 Kf8 8. Nf3
Qa5 9. Bd2 Qa4 10. Kd1 b6 11. Qf4 h6 12. dxc5 Qxf4 13. Bxf4 bxc5 14. Rb1 Nd7
15. Kd2 g5 16. Be3 Nf5 17. Bb5 Nxe3 18. Kxe3 Nb6 19. h4 g4 20. Nh2 Rg8 21. Bc6
Rb8 22. Kf4 h5 23. a4 Ke7 24. a5 Nd7 25. Bxd7 Bxd7 26. Rxb8 Rxb8 27. Kg5 Rg8+
28. Kf4 f6 29. exf6+ Kxf6 30. Re1 Rb8 31. Re5 Be8 32. Nf1 Rb2 33. Ng3 Rxc2 34.
Nxh5+ Bxh5 35. Rxh5 Rxf2+ 36. Kg3 Ra2 37. Rh7 Rxa5 38. Kxg4 Kg6 39. Rc7 Ra4+
40. Kf3 Rxh4 41. Rxc5 Rc4 0-1

[Event "XXXII Torneo B di Capodanno"]
[Site "Reggio nell'Emilia ITA"]
[Date "1990.01.01"]
[Round "3"]
[White "Beil, Zdenek"]
[Black "Paoli, Enrico"]
[WhiteElo "2365"]
[BlackElo "2205"]
[Result "1/2-1/2"]
[PlyCount "20"]
[EventDate "1989.12.30"]

1. d4 d5 2. Nf3 Nf6 3. c3 e6 4. Bf4 Bd6 5. e3 O-O 6. Nbd2 b6 7. Ne5 Bb7 8. Bg5
Be7 9. Bd3 Ne4 10. Bxe7 Qxe7 1/2-1/2

[Event "XXXII Torneo B di Capodanno"]
[Site "Reggio nell'Emilia ITA"]
[Date "1990.01.01"]
[Round "3"]
[White "Bukal, Vladimir sr"]
[Black "Horn, Pascal"]
[WhiteElo "2400"]
[BlackElo "2335"]
[Result "1-0"]
[PlyCount "81"]
[EventDate "1989.12.30"]

1. c4 e5 2. Nc3 f5 3. d4 exd4 4. Qxd4 Nc6 5. Qe3+ Nge7 6. Nd5 Kf7 7. Bd2 b6 8.
g4 Ba6 9. Qf4 g6 10. gxf5 Nxf5 11. e4 Bd6 12. Qf3 Ne5 13. Qh3 Qh4 14. Qxh4 Nxh4
15. O-O-O Bxc4 16. Bxc4 Nxc4 17. Bg5 Ng2 18. b3 Ba3+ 19. Kb1 Nd6 20. f3 c6 21.
Nc3 h6 22. Bd2 g5 23. Nge2 Ke7 24. Nd4 Bc5 25. Nce2 Nh4 26. Be1 Ng6 27. Bg3
Raf8 28. Rd3 Nf4 29. Nxf4 gxf4 30. Bh4+ Ke8 31. Rhd1 Bxd4 32. Rxd4 Nb5 33. R4d3
d5 34. exd5 cxd5 35. Re1+ Kd7 36. Rxd5+ Kc6 37. Rd3 Rh7 38. a4 Nc7 39. Be7 Re8
40. Rc1+ Kb7 41. Rd7 1-0

[Event "XXXII Torneo B di Capodanno"]
[Site "Reggio nell'Emilia ITA"]
[Date "1990.01.01"]
[Round "3"]
[White "Manca, Federico"]
[Black "Sansonetti, Giorgio"]
[WhiteElo "2360"]
[BlackElo "2260"]
[Result "1-0"]
[PlyCount "67"]
[EventDate "1989.12.30"]

1. e4 e6 2. d4 d5 3. Nc3 Nf6 4. Bg5 Be7 5. e5 Nfd7 6. h4 a6 7. Qg4 h5 8. Qf4 c5
9. Nf3 cxd4 10. Nxd4 Nc6 11. Nf3 Bxg5 12. hxg5 Qc7 13. O-O-O Ncxe5 14. Nxd5
exd5 15. Re1 f6 16. gxf6 O-O 17. Nxe5 Rxf6 18. Qd2 Nxe5 19. Qxd5+ Be6 20. Qxe5
Qxe5 21. Rxe5 Rc8 22. Bd3 Bxa2 23. Rexh5 Kf7 24. Rh8 Rxh8 25. Rxh8 Rxf2 26. b3
Bxb3 27. cxb3 Rxg2 28. Be4 Rg1+ 29. Kc2 b5 30. Ra8 Ra1 31. Kb2 Re1 32. Bd5+ Kf6
33. Rxa6+ Kf5 34. Rb6 1-0

[Event "XXXII Torneo B di Capodanno"]
[Site "Reggio nell'Emilia ITA"]
[Date "1990.01.01"]
[Round "3"]
[White "Rossi, Carlo"]
[Black "Anceschi, Vittorio"]
[WhiteElo "2330"]
[BlackElo "2280"]
[Result "1/2-1/2"]
[PlyCount "29"]
[EventDate "1989.12.30"]

1. e4 c5 2. Nf3 g6 3. c3 Bg7 4. Bc4 d6 5. O-O Nf6 6. e5 dxe5 7. Nxe5 O-O 8. Qb3
e6 9. d4 Nd5 10. Re1 cxd4 11. cxd4 Nc6 12. Nxc6 bxc6 13. Rd1 Qb6 14. Qxb6 axb6
15. Nc3 1/2-1/2

[Event "XXXII Torneo B di Capodanno"]
[Site "Reggio nell'Emilia ITA"]
[Date "1990.01.01"]
[Round "3"]
[White "Rossi, Giampiero"]
[Black "Wagman, Stuart"]
[WhiteElo "2205"]
[BlackElo "2295"]
[Result "1/2-1/2"]
[PlyCount "37"]
[EventDate "1989.12.30"]

1. d4 d5 2. c4 c6 3. cxd5 cxd5 4. Nc3 Nf6 5. Nf3 Nc6 6. Bf4 Bf5 7. e3 e6 8. Qb3
Bb4 9. Bb5 O-O 10. O-O Bxc3 11. Bxc6 Bxb2 12. Bxb7 Bxa1 13. Rxa1 Rc8 14. Bxc8
Qxc8 15. Qb2 Qa6 16. Rc1 Rc8 17. Rxc8+ Qxc8 18. Qb8 Qxb8 19. Bxb8 1/2-1/2

[Event "XXXII Torneo B di Capodanno"]
[Site "Reggio nell'Emilia ITA"]
[Date "1990.01.01"]
[Round "3"]
[White "Turci, Stefano"]
[Black "Pastircak, Milan"]
[WhiteElo "2245"]
[BlackElo "2375"]
[Result "1/2-1/2"]
[PlyCount "53"]
[EventDate "1989.12.30"]

1. d4 Nf6 2. c4 g6 3. Nc3 d5 4. Bf4 Bg7 5. e3 c5 6. dxc5 Be6 7. Rc1 Nc6 8. Nf3
O-O 9. Be2 Ne4 10. cxd5 Nxc3 11. bxc3 Bxd5 12. Qa4 Qa5 13. Qxa5 Nxa5 14. c4 Be6
15. Nd4 Bd7 16. Bc7 Nc6 17. Nxc6 Bxc6 18. O-O Rfc8 19. Ba5 Be4 20. Bb4 Bb2 21.
Rcd1 a5 22. Rd2 axb4 23. Rxb2 Rxc5 24. Rxb4 Rxa2 25. Bf3 Bxf3 26. gxf3 Rc7 27.
Rfb1 1/2-1/2

[Event "XXXII Torneo B di Capodanno"]
[Site "Reggio nell'Emilia ITA"]
[Date "1990.01.02"]
[Round "4"]
[White "Anceschi, Vittorio"]
[Black "Paoli, Enrico"]
[WhiteElo "2280"]
[BlackElo "2205"]
[Result "1/2-1/2"]
[PlyCount "49"]
[EventDate "1989.12.30"]

1. e4 c5 2. Nf3 Nc6 3. d4 cxd4 4. Nxd4 Nf6 5. Nc3 d6 6. Be2 e5 7. Nb3 Be7 8.
O-O O-O 9. Bg5 Nxe4 10. Nxe4 Bxg5 11. Qxd6 Bf5 12. Qxd8 Bxd8 13. f3 Bb6+ 14.
Kh1 Rfd8 15. c3 Kf8 16. Rfd1 Ke7 17. g4 Bg6 18. Nbc5 Rab8 19. Rxd8 Nxd8 20. Rd1
Bxe4 21. Nxe4 Ne6 22. Nd6 g6 23. Nc4 Bc7 24. Ne3 Nf4 25. Nd5+ 1/2-1/2

[Event "XXXII Torneo B di Capodanno"]
[Site "Reggio nell'Emilia ITA"]
[Date "1990.01.02"]
[Round "4"]
[White "Horn, Pascal"]
[Black "Rossi, Giampiero"]
[WhiteElo "2335"]
[BlackElo "2205"]
[Result "1-0"]
[PlyCount "61"]
[EventDate "1989.12.30"]

1. e4 c5 2. f4 e6 3. Nf3 d6 4. Bb5+ Bd7 5. Bxd7+ Qxd7 6. d3 Nc6 7. O-O Nf6 8.
Kh1 Be7 9. Be3 O-O 10. Nc3 Rfd8 11. Bg1 d5 12. Qe1 dxe4 13. dxe4 Qc7 14. Qc1 a6
15. e5 Ne8 16. Ne4 b6 17. c3 Rac8 18. Qc2 h6 19. Rae1 Nb8 20. Be3 Nd7 21. Ng3
Nf8 22. f5 exf5 23. Nxf5 Ne6 24. Bxh6 gxh6 25. Nxh6+ Kg7 26. Nxf7 Rd7 27. Qf5
Qc6 28. Nd6 Nxd6 29. exd6 Rxd6 30. Ne5 Qe8 31. Nf7 1-0

[Event "XXXII Torneo B di Capodanno"]
[Site "Reggio nell'Emilia ITA"]
[Date "1990.01.02"]
[Round "4"]
[White "Pastircak, Milan"]
[Black "Manca, Federico"]
[WhiteElo "2375"]
[BlackElo "2360"]
[Result "1/2-1/2"]
[PlyCount "164"]
[EventDate "1989.12.30"]

1. c4 e5 2. Nc3 Nc6 3. e3 Nf6 4. a3 d5 5. cxd5 Nxd5 6. Qc2 Be7 7. Nf3 O-O 8.
Be2 Be6 9. O-O f5 10. d3 Bf6 11. Rd1 Qe8 12. Bd2 Qg6 13. b4 e4 14. Ne1 f4 15.
Nxd5 Bxd5 16. dxe4 Bxe4 17. Qa2+ Kh8 18. Rac1 Be5 19. exf4 Bxf4 20. Bxf4 Rxf4
21. Qb2 Raf8 22. f3 Bf5 23. Nd3 Rh4 24. Nf2 Qh6 25. b5 Nd4 26. Rc4 Nxe2+ 27.
Qxe2 Rxc4 28. Qxc4 Qb6 29. a4 Re8 30. g4 Bg6 31. Rd7 Qe3 32. Qxc7 Qxf3 33. Rd8
h5 34. Rxe8+ Bxe8 35. Qb8 Qe3 36. Qxb7 hxg4 37. Qe4 Qc1+ 38. Kg2 Bf7 39. Nxg4
Qd2+ 40. Kg3 Bd5 41. Qe3 Qg2+ 42. Kf4 Qf1+ 43. Ke5 Qf7 44. Kd6 Bf3 45. Ne5 Qf6+
46. Kd7 Bd1 47. a5 Ba4 48. Kc8 Qe6+ 49. Kb8 Qd6+ 50. Kb7 Qe7+ 51. Ka6 Qe6+ 52.
Kxa7 Bxb5 53. Qc3 Kh7 54. Qc7 Bf1 55. Qc2+ Kg8 56. Nc6 Bc4 57. Kb6 Qe3+ 58. Kc7
Qf4+ 59. Kb7 Bd5 60. Qc5 Bxc6+ 61. Qxc6 Qxh2 62. a6 Qb2+ 63. Qb6 Qg2+ 64. Kb8
Qg3+ 65. Qc7 Qb3+ 66. Qb7 Qg3+ 67. Ka8 Qd3 68. a7 Qc4 69. Kb8 Qf4+ 70. Qc7 Qb4+
71. Kc8 Qg4+ 72. Qd7 Qc4+ 73. Kd8 Qh4+ 74. Kc7 Qf4+ 75. Qd6 Qc4+ 76. Qc6 Qf4+
77. Kb6 Qb4+ 78. Ka6 Qa3+ 79. Kb6 Qb4+ 80. Qb5 Qd6+ 81. Ka5 Qa3+ 82. Qa4 Qc5+
1/2-1/2

[Event "XXXII Torneo B di Capodanno"]
[Site "Reggio nell'Emilia ITA"]
[Date "1990.01.02"]
[Round "4"]
[White "Rossi, Carlo"]
[Black "Turci, Stefano"]
[WhiteElo "2330"]
[BlackElo "2245"]
[Result "1-0"]
[PlyCount "89"]
[EventDate "1989.12.30"]

1. g3 d5 2. Bg2 Nf6 3. Nf3 c6 4. O-O Bf5 5. d3 h6 6. b3 e6 7. Bb2 Be7 8. Nbd2
O-O 9. c4 Bh7 10. a3 a5 11. Ra2 Nbd7 12. Qa1 Qb6 13. Bc3 Qa6 14. Bh3 Rfe8 15.
cxd5 cxd5 16. Rc1 Rec8 17. Rac2 b6 18. Bb2 Rxc2 19. Rxc2 Rc8 20. Qc1 Rxc2 21.
Qxc2 Qb7 22. Nd4 Nb8 23. N2f3 Bd8 24. b4 Qc7 25. Qb3 Nbd7 26. Nb5 Qc8 27. Nfd4
Be7 28. Na7 Qa6 29. Nac6 Bf8 30. Nd8 Bg6 31. N4xe6 fxe6 32. Bxe6+ Kh7 33. Bxd7
Nxd7 34. Qxd5 Qc8 35. Ne6 Nf6 36. Bxf6 gxf6 37. Qd7+ Qxd7 38. Nxf8+ Kg7 39.
Nxd7 axb4 40. axb4 b5 41. Nc5 Be8 42. e4 Kf7 43. Kg2 Ke7 44. Kf3 Kd6 45. Kf4
1-0

[Event "XXXII Torneo B di Capodanno"]
[Site "Reggio nell'Emilia ITA"]
[Date "1990.01.02"]
[Round "4"]
[White "Sansonetti, Giorgio"]
[Black "Bukal, Vladimir sr"]
[WhiteElo "2260"]
[BlackElo "2400"]
[Result "0-1"]
[PlyCount "86"]
[EventDate "1989.12.30"]

1. e4 e6 2. d4 d5 3. Nc3 Bb4 4. e5 c5 5. a3 Bxc3+ 6. bxc3 Ne7 7. a4 Nbc6 8. Nf3
Qa5 9. Bd2 Bd7 10. g3 h6 11. Bh3 Qc7 12. O-O Na5 13. Bc1 Rc8 14. Ba3 cxd4 15.
Bd6 Qxc3 16. Nxd4 Rc4 17. Nb5 Bxb5 18. axb5 b6 19. Ra2 Nc8 20. Ba3 Ra4 21. Bb2
Qc4 22. Rxa4 Qxa4 23. Qd3 Nc4 24. Bd4 Qxb5 25. f4 Ne7 26. f5 exf5 27. Bxf5 Nc6
28. e6 f6 29. Bg6+ Ke7 30. c3 Nxd4 31. cxd4 Qb2 32. Rf2 Qc1+ 33. Kg2 Qe3 34.
Qb1 Qxe6 35. Qb4+ Kd8 36. h3 h5 37. Bd3 h4 38. Rf3 hxg3 39. Rxg3 g5 40. Qb5 Re8
41. Kh2 Qd6 42. Kg2 Ne3+ 43. Kh2 Nf1+ 0-1

[Event "XXXII Torneo B di Capodanno"]
[Site "Reggio nell'Emilia ITA"]
[Date "1990.01.03"]
[Round "5"]
[White "Bukal, Vladimir sr"]
[Black "Pastircak, Milan"]
[WhiteElo "2400"]
[BlackElo "2375"]
[Result "1/2-1/2"]
[PlyCount "28"]
[EventDate "1989.12.30"]

1. c4 c5 2. Nc3 Nf6 3. g3 e6 4. Nf3 b6 5. Bg2 Bb7 6. O-O Be7 7. Re1 O-O 8. e4
d6 9. d4 cxd4 10. Nxd4 Qc7 11. Be3 Nbd7 12. f4 Rfe8 13. Bf2 Bf8 14. Rc1 g6
1/2-1/2

[Event "XXXII Torneo B di Capodanno"]
[Site "Reggio nell'Emilia ITA"]
[Date "1990.01.03"]
[Round "5"]
[White "Paoli, Enrico"]
[Black "Wagman, Stuart"]
[WhiteElo "2205"]
[BlackElo "2295"]
[Result "1/2-1/2"]
[PlyCount "88"]
[EventDate "1989.12.30"]

1. e4 c5 2. Nf3 e6 3. d4 cxd4 4. Nxd4 a6 5. Bd3 Ne7 6. Be3 Nbc6 7. c4 g6 8. Nc3
Bg7 9. Nc2 d6 10. Qd2 O-O 11. Bh6 d5 12. Bxg7 Kxg7 13. O-O-O dxc4 14. Bxc4
Qxd2+ 15. Rxd2 b5 16. Be2 Ra7 17. Rhd1 Rc7 18. Kb1 f5 19. exf5 exf5 20. f4 Be6
21. Rd6 Kf7 22. Bf3 b4 23. Nd5 Nxd5 24. Bxd5 Bxd5 25. R6xd5 Re8 26. Rc5 Ree7
27. Rc1 Nb8 28. Rxc7 Rxc7 29. Nxb4 Rb7 30. a3 h6 31. Nc6 Nxc6 32. Rxc6 Re7 33.
Rxa6 Re2 34. Rc6 Rxg2 35. Rc2 Rg1+ 36. Ka2 Rf1 37. Rc4 g5 38. fxg5 hxg5 39. a4
f4 40. a5 Rf2 41. Rc7+ Kg6 42. h3 Rf3 43. Rc6+ Kg7 44. Rc5 Kg6 1/2-1/2

[Event "XXXII Torneo B di Capodanno"]
[Site "Reggio nell'Emilia ITA"]
[Date "1990.01.03"]
[Round "5"]
[White "Rossi, Giampiero"]
[Black "Sansonetti, Giorgio"]
[WhiteElo "2205"]
[BlackElo "2260"]
[Result "0-1"]
[PlyCount "60"]
[EventDate "1989.12.30"]

1. d4 e6 2. c4 d5 3. Nc3 Nf6 4. Bg5 Be7 5. e3 O-O 6. Nf3 Nbd7 7. cxd5 exd5 8.
Bd3 Re8 9. Qc2 Nf8 10. O-O c6 11. Rab1 a5 12. a3 Ne4 13. Bxe7 Qxe7 14. Rfc1 Bf5
15. b4 axb4 16. axb4 Ra3 17. Bxe4 dxe4 18. Nd2 Qg5 19. Nf1 Ng6 20. Ne2 h5 21.
Neg3 Nh4 22. Qc5 Qg4 23. b5 Ra2 24. bxc6 bxc6 25. Qxc6 Bd7 26. Qd5 Nf3+ 27. Kh1
Rxf2 28. Qxh5 Nh4 29. Rb7 Nxg2 30. Qd5 Qf3 0-1

[Event "XXXII Torneo B di Capodanno"]
[Site "Reggio nell'Emilia ITA"]
[Date "1990.01.04"]
[Round "6"]
[White "Anceschi, Vittorio"]
[Black "Wagman, Stuart"]
[WhiteElo "2280"]
[BlackElo "2295"]
[Result "1/2-1/2"]
[PlyCount "66"]
[EventDate "1989.12.30"]

1. e4 e5 2. Bc4 Nf6 3. d3 Nc6 4. Nf3 Be7 5. Nc3 d6 6. h3 O-O 7. O-O Na5 8. Qe2
c6 9. a3 Nxc4 10. dxc4 Qc7 11. Rd1 h6 12. Rb1 Be6 13. Nh2 Nd7 14. Nd5 cxd5 15.
cxd5 Bxh3 16. gxh3 f5 17. Kh1 Rac8 18. c3 Qc4 19. Qxc4 Rxc4 20. exf5 Rxf5 21.
Ng4 Bg5 22. Rg1 Kf7 23. Bxg5 Rxg5 24. Ne3 Rxg1+ 25. Kxg1 Rf4 26. Rc1 Nc5 27.
Rc2 Nd3 28. c4 Ke7 29. b4 b6 30. Rd2 Ne1 31. Kf1 Nf3 32. Rc2 Nd4 33. Rc3 Nf5
1/2-1/2

[Event "XXXII Torneo B di Capodanno"]
[Site "Reggio nell'Emilia ITA"]
[Date "1990.01.04"]
[Round "6"]
[White "Horn, Pascal"]
[Black "Paoli, Enrico"]
[WhiteElo "2335"]
[BlackElo "2205"]
[Result "1-0"]
[PlyCount "45"]
[EventDate "1989.12.30"]

1. e4 c5 2. f4 e6 3. Nf3 Nc6 4. Bb5 Nge7 5. O-O a6 6. Be2 d5 7. d3 dxe4 8. dxe4
Qxd1 9. Rxd1 Bd7 10. Be3 Ng6 11. c3 Be7 12. Nbd2 e5 13. f5 Nf4 14. Bf1 f6 15.
Nc4 Rc8 16. Nb6 Rc7 17. g3 Nh5 18. Be2 g6 19. Nh4 Bc8 20. fxg6 hxg6 21. Nxg6
Rh7 22. Nd5 Rd7 23. Ngxe7 1-0

[Event "XXXII Torneo B di Capodanno"]
[Site "Reggio nell'Emilia ITA"]
[Date "1990.01.04"]
[Round "6"]
[White "Pastircak, Milan"]
[Black "Rossi, Giampiero"]
[WhiteElo "2375"]
[BlackElo "2205"]
[Result "1-0"]
[PlyCount "43"]
[EventDate "1989.12.30"]

1. e4 c5 2. c3 d5 3. exd5 Qxd5 4. d4 cxd4 5. cxd4 Nc6 6. Nf3 e6 7. Nc3 Qd6 8.
Bd3 Nf6 9. O-O Be7 10. Bg5 O-O 11. a3 Rd8 12. Qc2 h6 13. Be3 Bd7 14. Rad1 Be8
15. Rfe1 Rac8 16. Qd2 Bf8 17. Bf4 Qe7 18. Bb1 Rd7 19. Qc2 Qd8 20. Ne5 Rxd4 21.
Nxc6 Rxc6 22. Rxd4 1-0

[Event "XXXII Torneo B di Capodanno"]
[Site "Reggio nell'Emilia ITA"]
[Date "1990.01.04"]
[Round "6"]
[White "Rossi, Carlo"]
[Black "Bukal, Vladimir sr"]
[WhiteElo "2330"]
[BlackElo "2400"]
[Result "0-1"]
[PlyCount "98"]
[EventDate "1989.12.30"]

1. e4 e6 2. Nf3 d5 3. Nc3 Nf6 4. e5 Nfd7 5. d4 c5 6. Bb5 Nc6 7. O-O a6 8. Bxc6
bxc6 9. Na4 cxd4 10. Qxd4 c5 11. Qg4 Nb6 12. Nxc5 Bxc5 13. Qxg7 Kd7 14. Be3
Bxe3 15. fxe3 Qf8 16. Qf6 Rg8 17. Nd4 Ke8 18. Rf2 Qg7 19. Nf5 exf5 20. Qxb6 Qg6
21. Qc7 Bd7 22. Rd1 Qc6 23. Qxc6 Bxc6 24. Rxf5 d4 25. g3 dxe3 26. Re1 Be4 27.
Rf6 Bxc2 28. e6 Ke7 29. Rxf7+ Kxe6 30. Rc7 Rgc8 31. Rxe3+ Kd6 32. Rxc8 Rxc8 33.
Ra3 Rc6 34. g4 Ke5 35. Kf2 Kf4 36. h3 Be4 37. b4 Rc2+ 38. Ke1 Rb2 39. Kd1 Rxb4
40. Rxa6 Ke3 41. Ra3+ Bd3 42. Rc3 Rb1+ 43. Rc1 Rb2 44. Rc7 Rxa2 45. Re7+ Be4
46. Kc1 Rc2+ 47. Kd1 Rh2 48. Kc1 Rxh3 49. Kb2 Rg3 0-1